| 000 | 00516nam a2200193Ia 4500 | ||
|---|---|---|---|
| 008 | 230125s9999 xx 000 0 und d | ||
| 020 | _a978-81-315-0657-8 | ||
| 041 | _aeng | ||
| 082 |
_a658.018 _bADL/CLA |
||
| 100 |
_aAdler E S _9110616 |
||
| 245 | _aInvitation to Social Research | ||
| 260 |
_c2008 _bCengage Learning _aNew Delhi |
||
| 300 | _a403p | ||
| 500 | _aResearch methodology | ||
| 650 | _aResearch Methodology | ||
| 700 |
_aAdler E S & Clark R _9110617 |
||
| 906 | _b81 | ||
| 999 |
_c87488 _d87488 |
||